সভ্যতা ও সাহিত্যে ইসলামের দান (Record no. 72745)
[ view plain ]
| 000 -LEADER | |
|---|---|
| fixed length control field | 00806nam a2200217 4500 |
| 001 - CONTROL NUMBER | |
| control field | 72745 |
| 003 - CONTROL NUMBER IDENTIFIER | |
| rucl marc code | BD-RjUL |
| 005 - DATE AND TIME OF LATEST TRANSACTION | |
| control field | 20211209082314.0 |
| 008 - FIXED-LENGTH DATA ELEMENTS--GENERAL INFORMATION | |
| fixed length control field | 170523s190? bg |||| |||| 000 0 ben d |
| 035 ## - SYSTEM CONTROL NUMBER | |
| System control number | (BD-RjUL)72963 |
| 040 ## - CATALOGING SOURCE | |
| Original cataloging agency | BD-RjUL |
| Language of cataloging | ben |
| Transcribing agency | BD-RjUL |
| Modifying agency | BD-RjUL |
| 041 ## - LANGUAGE CODE | |
| Language code of text/sound track or separate title | ben |
| 082 ## - DEWEY DECIMAL CLASSIFICATION NUMBER | |
| Edition number | 23 |
| Classification number | 297.09 |
| Author mark and year | ALS 190? |
| 100 1# - MAIN ENTRY--PERSONAL NAME | |
| Personal name | আলি, এস, ওয়াজেদ |
| 9 (RLIN) | 215182 |
| 245 10 - TITLE STATEMENT | |
| Title | সভ্যতা ও সাহিত্যে ইসলামের দান |
| Statement of responsibility, etc. | এস, ওয়াজেদ আলি |
| 260 ## - PUBLICATION, DISTRIBUTION, ETC. (IMPRINT) | |
| Place of publication, distribution, etc. | ঢাকা : |
| Name of publisher, distributor, etc. | দি পাকিস্তান সিটি বুক কোং., |
| Date of publication, distribution, etc. | [১৯০?] |
| 300 ## - PHYSICAL DESCRIPTION | |
| Pagination | ৭১ পৃ. ; |
| Size | ২৪ সেমি. |
| 650 ## - SUBJECT ADDED ENTRY--TOPICAL TERM | |
| Topical term or geographic name as entry element | ইসলাম |
| General subdivision | ইতিহাস |
| 9 (RLIN) | 215183 |
| Topical term or geographic name as entry element | Islam |
| General subdivision | History |
| 9 (RLIN) | 215184 |
| 942 ## - ADDED ENTRY ELEMENTS (KOHA) | |
| Source of classification or shelving scheme | Dewey Decimal Classification |
| Koha item type | Books |
| Lost status | Source of classification or shelving scheme | Damaged status | Not for loan | Collection code | Permanent Location | Current Location | Shelving location | Date acquired | Source of acquisition | Cost, normal purchase price | Total Checkouts | Full call number | Date last seen | Copy number | Koha item type |
|---|---|---|---|---|---|---|---|---|---|---|---|---|---|---|---|
| Dewey Decimal Classification | Not For Loan | Non-fiction | Central Library, University of Rajshahi | Central Library, University of Rajshahi | Reading Room | 03/06/1958 | Kamala, Book | 1.50 | B 297.09 ALS 190? | 23/05/2017 | C-1 | Books |